000 00540nam a2200193 4500
003 OSt
005 20140310181709.0
008 121206t xxu||||| |||| 00| 0 eng d
020 _a9719109394
050 _aHF 5349
_b.An561 1989
082 _aFIL 158
_bAn25 1989
100 _aAndres, Tomas D.
245 _aFilipino values for winning success /
_cTomas D. Andres.
260 _aManila :
_bOur Lady of Manaoag Publishers,
_c1989.
300 _a108 p. :
_c22 cm.
650 _aFilipino Values
_xSuccess
942 _2lcc
_cBK
999 _c1459
_d1459